Vainqueurs de la Ligue 2 - Statistiques

Statistiques générales
  • Ce quiz a été pris 79 fois
    20 depuis la dernière actualisation
  • Le résultat moyen est 73 sur 88
Statistiques - réponses
Année Vainqueur % Correct
1968 / 1969 Angers SCO
100%
1975 / 1976 Angers SCO
100%
2019 / 2020 FC Lorient
100%
2024 / 2025 FC Lorient
100%
1991 / 1992 Girondins de Bordeaux
100%
1994 / 1995 Olympique de Marseille
100%
1970 / 1971 Paris Saint-Germain
100%
1976 / 1977 RC Strasbourg
100%
1987 / 1988 RC Strasbourg
100%
2016 / 2017 RC Strasbourg
100%
1980 / 1981 Stade Brestois
100%
1952 / 1953 Toulouse FC
100%
1981 / 1982 Toulouse FC
100%
2002 / 2003 Toulouse FC
100%
2021 / 2022 Toulouse FC
100%
1979 / 1980 AJ Auxerre
94%
2023 / 2024 AJ Auxerre
94%
1974 / 1975 AS Nancy Lorraine
94%
1989 / 1990 AS Nancy Lorraine
94%
1997 / 1998 AS Nancy Lorraine
94%
2004 / 2005 AS Nancy Lorraine
94%
2015 / 2016 AS Nancy Lorraine
94%
2014 / 2015 ESTAC Troyes
94%
2020 / 2021 ESTAC Troyes
94%
1934 / 1935 FC Metz
94%
2006 / 2007 FC Metz
94%
2013 / 2014 FC Metz
94%
2018 / 2019 FC Metz
94%
1945 / 1946 (nord) FC Nancy
94%
1957 / 1958 FC Nancy
94%
1947 / 1948 OGC Nice
94%
1964 / 1965 OGC Nice
94%
1969 / 1970 OGC Nice
94%
1993 / 1994 OGC Nice
94%
1936 / 1937 RC Lens
94%
1948 / 1949 RC Lens
94%
1972 / 1973 RC Lens
94%
2008 / 2009 RC Lens
94%
2012 / 2013 AS Monaco
88%
1962 / 1963 AS Saint-Étienne
88%
1998 / 1999 AS Saint-Étienne
88%
2003 / 2004 AS Saint-Étienne
88%
1946 / 1947 FC Sochaux
88%
2000 / 2001 FC Sochaux
88%
1963 / 1964 Lille OSC
88%
1973 / 1974 Lille OSC
88%
1977 / 1978 Lille OSC
88%
1999 / 2000 Lille OSC
88%
1945 / 1946 (sud) Montpellier HSC
88%
1960 / 1961 Montpellier HSC
88%
1986 / 1987 Montpellier HSC
88%
1950 / 1951 Olympique Lyonnais
88%
1953 / 1954 Olympique Lyonnais
88%
1988 / 1989 Olympique Lyonnais
88%
1995 / 1996 SM Caen
88%
2009 / 2010 SM Caen
88%
1965 / 1966 Stade de Reims
88%
2017 / 2018 Stade de Reims
88%
1959 / 1960 FC de Grenoble
82%
1961 / 1962 FC de Grenoble
82%
1949 / 1950 Nîmes Olympique
82%
1967 / 1968 SC Bastia
82%
2011 / 2012 SC Bastia
82%
1955 / 1956 Stade Rennais
82%
1982 / 1983 Stade Rennais
82%
1966 / 1967 AC Ajaccio
76%
2001 / 2002 AC Ajaccio
76%
1937 / 1938 Le Havre AC
71%
1958 / 1959 Le Havre AC
71%
1984 / 1985 Le Havre AC
71%
1990 / 1991 Le Havre AC
71%
2007 / 2008 Le Havre AC
71%
2022 / 2023 Le Havre AC
71%
1933 / 1934 (nord) Red Star FC
71%
1938 / 1939 Red Star FC
71%
1971 / 1972 Valenciennes FC
71%
2005 / 2006 Valenciennes FC
71%
1935 / 1936 FC Rouen 1899
65%
1954 / 1955 CS Sedan
59%
1996 / 1997 LB Châteauroux
59%
1983 / 1984 Tours FC
59%
1978 / 1979 FC Gueugnon
35%
1992 / 1993 FC Martigues
29%
1933 / 1934 (sud) Olympique Alès
24%
1956 / 1957 Olympique Alès
24%
1951 / 1952 Stade Français
24%
1985 / 1986 Racing Club de France
12%
2010 / 2011 Thonon Évian FC
12%
Aucun quiz correspondant
Distribution des résultats
% des personnes avec chaque résultat
Percentile par nombre de réponses
Votre historique - résultats
Vous n’avez pas pris ce quiz depuis la dernière actualisation